000 00410nam a22001691a 4500
020 _a9788182641013
082 _aM 780.92
_bDAM/N
100 _aDamodaran Melur
245 _aNadabrahmam thedi/
_cby Damodaran Melur
260 _aKozhikode:
_bMathrubhoomi,
_c2005.
300 _a80p.
650 _aBiographyThyagaraja bhagavathar
650 _aBiography
650 _aMusic
650 _aArts
942 _cBK
999 _c30144
_d30144